<?xml version="1.0" encoding="UTF-8"?><?xml-stylesheet type="text/xsl" href="static/style.xsl"?><OAI-PMH xmlns="http://www.openarchives.org/OAI/2.0/" xmlns:xsi="http://www.w3.org/2001/XMLSchema-instance" xsi:schemaLocation="http://www.openarchives.org/OAI/2.0/ http://www.openarchives.org/OAI/2.0/OAI-PMH.xsd"><responseDate>2026-04-13T15:10:36Z</responseDate><request verb="GetRecord" identifier="oai:www.recercat.cat:11351/12473" metadataPrefix="marc">https://recercat.cat/oai/request</request><GetRecord><record><header><identifier>oai:recercat.cat:11351/12473</identifier><datestamp>2025-10-24T10:18:27Z</datestamp><setSpec>com_2072_378070</setSpec><setSpec>com_2072_378040</setSpec><setSpec>col_2072_378092</setSpec></header><metadata><record xmlns="http://www.loc.gov/MARC21/slim" xmlns:dcterms="http://purl.org/dc/terms/" xmlns:xsi="http://www.w3.org/2001/XMLSchema-instance" xmlns:doc="http://www.lyncode.com/xoai" xsi:schemaLocation="http://www.loc.gov/MARC21/slim http://www.loc.gov/standards/marcxml/schema/MARC21slim.xsd">
   <leader>00925njm 22002777a 4500</leader>
   <datafield ind2=" " ind1=" " tag="042">
      <subfield code="a">dc</subfield>
   </datafield>
   <datafield ind2=" " ind1=" " tag="720">
      <subfield code="a">Tenezaca Sari, Angel Xavier</subfield>
      <subfield code="e">author</subfield>
   </datafield>
   <datafield ind2=" " ind1=" " tag="720">
      <subfield code="a">Gene, Anna</subfield>
      <subfield code="e">author</subfield>
   </datafield>
   <datafield ind2=" " ind1=" " tag="720">
      <subfield code="a">Tello-Díaz, Cristina</subfield>
      <subfield code="e">author</subfield>
   </datafield>
   <datafield ind2=" " ind1=" " tag="720">
      <subfield code="a">Gonçalves Martins, Gabriela</subfield>
      <subfield code="e">author</subfield>
   </datafield>
   <datafield ind2=" " ind1=" " tag="720">
      <subfield code="a">Bellmunt-Montoya, Sergi</subfield>
      <subfield code="e">author</subfield>
   </datafield>
   <datafield ind2=" " ind1=" " tag="260">
      <subfield code="c">2025-01-24T08:21:36Z</subfield>
   </datafield>
   <datafield ind2=" " ind1=" " tag="260">
      <subfield code="c">2025-01-24T08:21:36Z</subfield>
   </datafield>
   <datafield ind2=" " ind1=" " tag="260">
      <subfield code="c">2022-07</subfield>
   </datafield>
   <datafield ind2=" " ind1=" " tag="520">
      <subfield code="a">Abdominal aorta; Diameter; Ultrasonography</subfield>
   </datafield>
   <datafield ind2=" " ind1=" " tag="520">
      <subfield code="a">Aorta abdominal; Diàmetre; Ultrasonografia</subfield>
   </datafield>
   <datafield ind2=" " ind1=" " tag="520">
      <subfield code="a">Aorta abdominal; Diámetro; Ultrasonografía</subfield>
   </datafield>
   <datafield ind2=" " ind1=" " tag="520">
      <subfield code="a">Objective&#xd;
To analyse the characteristics of normal infrarenal aortic diameter (AD) in the general worldwide population, to examine changes over time, and to investigate geographical differences.&#xd;
Data Sources&#xd;
PubMed, Cochrane Library, and Web of Science.&#xd;
Review Methods&#xd;
This was a systematic review and meta-analysis of studies published up to October 2020 describing infrarenal AD measured by ultrasound in the general adult population. The study was conducted in accordance with the PRISMA statement and placed no restrictions on geographical location or year of publication. Studies of individuals pre-selected for certain diseases or risk factors and opportunistic screening were excluded. A random effects model was used to estimate pooled mean AD, and meta-regression analysis was used to study the effects of determinants of AD.&#xd;
Results&#xd;
Thirty-two studies were included, reporting data for 941 144 individuals (98% were men). The pooled mean AD was 19.4 mm (95% confidence interval [CI] 18.8 – 20.1), being 20.1 mm (95% CI 19.4 – 20.8) in men and 17.8 mm (95% CI 16.5 – 19.1) in women (p &lt; .001). Outer edge to outer edge (OTO) caliper placement method (p = .015) and body surface area (BSA; p = .010) were significantly associated with larger AD. In men, the largest mean AD was observed in Oceania (p &lt; .001) and the smallest in Asia (p &lt; .020). As none of the studies collected data between 2002 and 2007, the studies were divided into two periods: 2001 and before, and 2008 and after. All recent studies were European, with the diameters being significantly smaller (p = .003) in the latter period (18.3 mm [95% CI 17.5 – 19.1] vs. 20.7 mm [95% CI 19.1 – 22.3]). In the meta-regression models, the reduction in AD over time remained significant after adjustment for potential effect modifiers such as sex, age, geographical area, body size, cardiovascular risk factors, and ultrasound method.&#xd;
Conclusion&#xd;
Mean infrarenal AD in older European adults has decreased significantly in recent decades. Male sex, BSA, and OTO ultrasound measurement method are associated with larger AD, and geographical differences were observed in men.</subfield>
   </datafield>
   <datafield ind1="8" ind2=" " tag="024">
      <subfield code="a">http://hdl.handle.net/11351/12473</subfield>
   </datafield>
   <datafield tag="653" ind2=" " ind1=" ">
      <subfield code="a">Aorta - Ecografia</subfield>
   </datafield>
   <datafield tag="653" ind2=" " ind1=" ">
      <subfield code="a">Aorta - Anatomia</subfield>
   </datafield>
   <datafield tag="653" ind2=" " ind1=" ">
      <subfield code="a">ANATOMY::Cardiovascular System::Blood Vessels::Arteries::Aorta::Aorta, Abdominal</subfield>
   </datafield>
   <datafield tag="653" ind2=" " ind1=" ">
      <subfield code="a">Other subheadings::Other subheadings::Other subheadings::/diagnostic imaging</subfield>
   </datafield>
   <datafield tag="653" ind2=" " ind1=" ">
      <subfield code="a">ANALYTICAL, DIAGNOSTIC AND THERAPEUTIC TECHNIQUES, AND EQUIPMENT::Diagnosis::Diagnostic Techniques and Procedures::Diagnostic Imaging::Ultrasonography</subfield>
   </datafield>
   <datafield tag="653" ind2=" " ind1=" ">
      <subfield code="a">ANATOMY::Cardiovascular System::Blood Vessels::Arteries::Aorta::Aorta, Abdominal</subfield>
   </datafield>
   <datafield tag="653" ind2=" " ind1=" ">
      <subfield code="a">Other subheadings::Other subheadings::/anatomy &amp; histology</subfield>
   </datafield>
   <datafield tag="653" ind2=" " ind1=" ">
      <subfield code="a">ANATOMÍA::sistema cardiovascular::vasos sanguíneos::arterias::aorta::aorta abdominal</subfield>
   </datafield>
   <datafield tag="653" ind2=" " ind1=" ">
      <subfield code="a">Otros calificadores::Otros calificadores::Otros calificadores::/diagnóstico por imagen</subfield>
   </datafield>
   <datafield tag="653" ind2=" " ind1=" ">
      <subfield code="a">TÉCNICAS Y EQUIPOS ANALÍTICOS, DIAGNÓSTICOS Y TERAPÉUTICOS::diagnóstico::técnicas y procedimientos diagnósticos::diagnóstico por imagen::ecografía</subfield>
   </datafield>
   <datafield tag="653" ind2=" " ind1=" ">
      <subfield code="a">ANATOMÍA::sistema cardiovascular::vasos sanguíneos::arterias::aorta::aorta abdominal</subfield>
   </datafield>
   <datafield tag="653" ind2=" " ind1=" ">
      <subfield code="a">Otros calificadores::Otros calificadores::/anatomía &amp; histología</subfield>
   </datafield>
   <datafield ind2="0" ind1="0" tag="245">
      <subfield code="a">Editor's Choice – Systematic Review and Meta-Analysis of Normal Infrarenal Aortic Diameter in the General Worldwide Population and Changes in Recent Decades</subfield>
   </datafield>
</record></metadata></record></GetRecord></OAI-PMH>